Dinge mit J - Statistiken

Allgemein
  • Dieses Quiz wurde 136 mal gespielt
  • Das Durchschnittsergebnis liegt bei 17 aus 32
Antwortstatistiken
Bildquiz Antwort % Korrekt
Jäger
97%
Jupiter
94%
Joghurt
92%
Jordanien
86%
Jetski
85%
Jahreszeiten
84%
Joe Biden
80%
Jetpunk
79%
Jugoslawien
75%
Jackpot
72%
Johannisbeeren
67%
Juventus Turin
63%
Jamal Musiala
61%
Jurassic World
54%
Jysk
54%
Jingle Bells
53%
Jungfrau
53%
Jürgen Drews
53%
Jalapeños
52%
Jenna Ortega
40%
Jurte
38%
Jasmine
34%
Jimmy Neutron
33%
Justice League
33%
Jay-Z
31%
Jutta Speidel
25%
Johnny Cash
23%
Jack Russell Terrier
20%
Jessica Parker
19%
Jeggings
14%
Johannesburg
14%
Jellycat
6%
Keine übereinstimmenden Quizze gefunden
Verteilung der Resultate
Anzahl Personen mit jedem Resultat
Perzentil nach korrekt beantworteten Fragen
Ihre Resultats-Entwicklung
Sie haben dieses Quiz noch nicht gespielt